00763pam a2200217 a 4500020001700000020001800017041000800035082001600043100001900059245002500078250002700103260003800130300001800168650003000186856005600216856006300272856006600335942000700401952012000408999001700528 a0374523495 : a9780374523497 aENG00a327.73bCHO1 aChomsky, Noam.10aDeterring democracy  aHill and Wang pbk. ed. aNew York :bHill and Wang,c1992. avii, 455 p. ; aDEMOCRACY - UNITED STATES42uhttp://www.loc.gov/catdir/bios/hol054/91039445.html42uhttp://www.loc.gov/catdir/description/hol042/91039445.html41uhttp://www.loc.gov/catdir/enhancements/fy1214/91039445-s.html cBK 00104070aHMIbHMIcGENd2026-01-06eChristy Abrahamg600.00l0o327.73 CHOp11004939r2026-01-06w2026-01-06yBK c23690d23690